000 02277nam a2200289Ia 4500
999 _c56468
_d56468
001 23581
003 GE_BSU
005 20191004161503.0
008 181216s2018||||ge |||||||||||||| ||geo||
020 _a9789941462795
040 _cGE_BSU
041 _ageo
080 _a378.4(479.223)(063) ბ-17
245 _aბათუმის შოთა რუსთაველის სახელმწიფო უნივერსიტეტის ჰუმანიტარულ მეცნიერებათა ფაკულტეტის დოქტორანტთა და ახალგაზრდა მეცნიერთა III სამეცნიერო კონფერენციის მასალები. 2017 /
_cსარედ. საბჭო : მ. გიორგაძე. ; ხ. დიასამიძე ; შ. ჯიჯიეშვილი ; ქ. სვანიძე ; ჟ. გუმბარიძე.
264 _aბათუმი :
_bბათუმის შოთა რუსთაველის სახ. უნ-ტი,
_c2018.
300 _a155 გვ. :
_bილ.;
_c28 სმ
504 _aბიბლიოგრ. ტექსტ. ბოლოს
520 _aპარალ. სათ. ინგლ. ენ. რეზიუმე ტექსტ. ბოლოს ინგლ. ენ.
653 _aჰუმანიტარულ მეცნიერებათა ფაკულტეტის დოქტორანტთა და ახალგაზრდა მეცნიერთა III სამეცნიერო კონფერენციის მასალები. 2017
653 _aპედაგოგიკა
700 _aგიორგაძე , მ
_eსარედაქციო საბჭო
_94082
700 _a დიასამიძე., ხ
_eსარედაქციო საბჭო
_94535
700 _aჯიჯიეშვილი , შ
_eსარედაქციო საბჭო
_94536
700 _aსვანიძე , ქ
_eსარედაქციო საბჭო
_94537
700 _aგუმბარიძე , ჟ
_eსარედაქციო საბჭო
_94538
942 _cBK
_2udc